000 00606nam a22002537a 4500
003 UA-OsUOA
001 21241
007 ta
008 20031124b un ||||| |||| 00| 0 ukr d
100 _aКостюк В. Н.
090 _a330.8(075.8)
_bК72
942 _cBK
040 _aUA-OsUOA
_brus
_cUA-OsUOA
_dUA-OsUOA
245 _aИстория экономических учений
300 _a224 с.
955 _a0
041 _arus
080 _a330.8(075.8)
020 _a5-88860-052-0
260 _aМосква
_bЦентр
_c1998
044 _aRU
650 7 _2UDC
999 _c307434
_d307434